OGC Nice - Les joueurs à plus de 100 matchs depuis 2010 - Statistiques

Statistiques générales
  • Ce quiz a été pris 176 fois
  • Le résultat moyen est 9 sur 25
Statistiques - réponses
Joueurs Matchs % Correct
Dante 149
93%
Walter Benitez 106
78%
David Ospina 199
56%
Jean Michael Seri 123
56%
Wylan Cyprien 109
56%
Alassane Pléa 135
54%
Vincent Koziello 102
49%
Nampalys Mendy 140
48%
Didier Digard 165
46%
Reanto Civelli 131
44%
Eric Bauthéac 109
43%
Pierre Lees-Melou 107
42%
Valentin Eysseric 136
36%
Malang Sarr 119
35%
Nemanja Pejcinovic 111
27%
Anthony Mounier 107
23%
Romain Genevois 116
23%
Mahamane Traoré 104
22%
Eric Mouloungui 119
19%
David Hellebuyck 138
17%
Julien Sablé 102
13%
Lionel Letizi 159
12%
Drissa Diakité 172
10%
Habib Bamogo 104
10%
Kafoumba Coulibaly 103
8%
Aucun quiz correspondant
Distribution des résultats
% des personnes avec chaque résultat
Percentile par nombre de réponses
Votre historique - résultats
Vous n’avez pas pris ce quiz